000 00774nab a2200241 u 4500
001 10454
003 HDC
007 cr bn ---aaaaa
008 210204c20100624my dr|nes 0 a eng d
040 _aHDC
245 0 _aYou have a question? We have the answer
260 _aKuala Lumpur :
_bNew Straits Times Press,
_c2010
336 _atext
_2rdacontent
337 _acomputer
_2rdamedia
338 _aonline resource
_2rdacarrier
650 _aHalal industry
_9144
650 _aHalal support
_97435
710 _aNew Straits Times
856 _zRequest full-text at [email protected]
942 _2lcc
942 _cNEWS
942 _kNWSC 003861
999 _c7777
_d7777